000 00357nam a2200145Ia 4500
008 210716s1992 xx 000 0 und d
041 _aeng
082 _a005.363 SONS
100 _aSoni, Sanjay; Aggarwal, Vinayak.
245 _aData pascal and you.
250 _a1
260 _aNew Delhi
_bSultan chand & sons
_c1992
300 _a390
650 _aNone
999 _c182243
_d182243